Udržateľný rozvoj sídiel : učebná pomôcka pre predmet Ekológia sídiel

Gespeichert in:
Bibliographische Detailangaben
1. Verfasser: Pifko, Henrich, 1959- (Verfasst von)
Format: Buch
Veröffentlicht: STU v Bratislave FA, 1998
Schlagworte:
Tags: Tag hinzufügen
Keine Tags, Fügen Sie das erste Tag hinzu!

MARC

LEADER 00000nam a22000003a 4500
001 stu123728
005 20220401153017.3
008 060720s1998----------------------------d
040 |a STU  |b slo 
100 1 |a Pifko, Henrich,  |d 1959-  |u 052120  |4 aut  |r Z1  |U FAD Fakulta architektúry  |T FA Ústav ekologickej a experimentálnej architektúry  |X 449  |U A2120  |Y 393  |7 A000000449 
245 |a Udržateľný rozvoj sídiel :  |b učebná pomôcka pre predmet Ekológia sídiel 
260 |b STU v Bratislave FA,  |c 1998 
300 |a 52 s 
650 7 |a sídla  |2 stusub 
996 |b 284AB00709  |c A*726 B  |l AAKNST  |s P  |a 0  |w stu123728_0001